All 5k+ cities in Idaho on a map - Statistics

General Stats
  • This quiz has been taken 28 times
  • The average score is 17 of 34
Answers on the Map
Answers color-coded by a green-red scale on the quiz's map according to % correct below.
 
Answer Stats
City Population % Correct
Boise 235,684
100%
Coeur d'Alene 54,628
94%
Meridian 117,635
94%
Pocatello 56,320
94%
Idaho Falls 64,818
88%
Nampa 100,200
88%
Twin Falls 51,807
88%
Caldwell 59,996
81%
Lewiston 34,203
81%
Moscow 25,435
81%
Eagle 30,346
69%
Post Falls 38,485
56%
Mountain Home 15,979
50%
Rexburg 39,409
50%
Sandpoint 8,639
50%
Jerome 12,349
44%
Blackfoot 12,346
38%
Burley 11,704
38%
Kuna 24,011
38%
Rathdrum 9,211
38%
Star 11,117
38%
Ammon 17,694
31%
Garden City 12,316
31%
Hailey 9,161
31%
Hayden 15,570
31%
Payette 8,127
31%
Chubbuck 15,570
25%
Weiser 5,630
25%
Emmett 7,647
19%
Fruitland 6,072
19%
Middleton 9,425
19%
Preston 5,591
19%
Rupert 6,082
19%
Rigby 5,038
13%
No matching quizzes found
Score Distribution
Percent of People with Each Score
Percentile by Number Answered
Your Score History
You have not taken this quiz